000 00594nam a2200193 i 4500
001 129486
003 ES-MaACL
005 20230906193518.0
007 t|
008 070620s1977 sp ||||1| spa d
245 0 0 _aTextos latinos comentados /
_cLisarte Rubio, Tomás González Rolan, Pilar Saquero.
250 _a[1ª ed.].
260 _a[Madrid] :
_bAlhambra,
_c[1977]
300 _aXII, 207 p. ;
_c24 cm.
700 1 _aLisarte Rubio.
_972531
700 0 _aGonzález Rolán, Tomás.
_958928
700 1 _aSaquero Suárez-Somonte, Pilar.
_9103731
852 _aES-MaACL
_jA-7721
_bR.96794
999 _c129486
_d129486